Materials hike drives up costs (Record no. 80053)
[ view plain ]
| 000 -LEADER | |
|---|---|
| fixed length control field | 01150cab a22002055a 4500 |
| 001 - CONTROL NUMBER | |
| control field | L143089 |
| 008 - FIXED-LENGTH DATA ELEMENTS--GENERAL INFORMATION | |
| fixed length control field | 080407e20080403xxk f 000 0 eng d |
| 035 ## - SYSTEM CONTROL NUMBER | |
| System control number | (Sirsi) u143089 |
| 041 0# - LANGUAGE CODE | |
| Language code of text/sound track or separate title | eng |
| 100 1# - MAIN ENTRY--PERSONAL NAME | |
| Personal name | Spackman, Juliet |
| 245 00 - TITLE STATEMENT | |
| Title | Materials hike drives up costs |
| 260 ## - PUBLICATION, DISTRIBUTION, ETC. | |
| Date of publication, distribution, etc. | 2008 |
| 490 #0 - SERIES STATEMENT | |
| Series statement | Construction News |
| Volume/sequential designation | (7062) 3 April 2008, 22-23(2) |
| 520 ## - SUMMARY, ETC. | |
| Summary, etc. | Reports that contractors' input costs have risen by 6.1% since March 2007, with materials costs making up most of this rise. Labour costs are increasing slowly, although booming Eastern European economies could mean less migrants working in the UK. The overall forecast for construction price inflation is uncertain; the UK market is not faring too badly, with few delayed or cancelled projects and order books relatively full for major contractors. However, the private housing and commercial sectors are struggling and there may be more pressure on small and medium sized contractors. |
| 590 ## - LOCAL NOTE (RLIN) | |
| Local note | KA |
| 650 24 - SUBJECT ADDED ENTRY--TOPICAL TERM | |
| Topical term or geographic name entry element | EC HARRIS CONSTRUCTION NEWS CONTRACTORS INPUT COST INDEX |
| 651 #4 - SUBJECT ADDED ENTRY--GEOGRAPHIC NAME | |
| Geographic name | United Kingdom |
| Chronological subdivision | |
| 690 ## - LOCAL SUBJECT ADDED ENTRY--TOPICAL TERM (OCLC, RLIN) | |
| Topical term or geographic name as entry element | BUILT ENVIRONMENT-CONSTRUCTION MARKET |
| 942 ## - ADDED ENTRY ELEMENTS (KOHA) | |
| Suppress in OPAC | 0 |
| Withdrawn status | Lost status | Source of classification or shelving scheme | Damaged status | Not for loan | Home library | Current library | Shelving location | Date acquired | Total Checkouts | Full call number | Barcode | Date last seen | Copy number | Price effective from | Koha item type |
|---|---|---|---|---|---|---|---|---|---|---|---|---|---|---|---|
| Dewey Decimal Classification | London | London | Journal article | 07/04/2008 | L143089 | 143089-1001 | 06/08/2019 | 1 | 06/08/2019 | Journal article |